L'ordre public et le contrat: etude de droit civil comparé France, Angleterre, U.R.S.S

Salvato in:
Dettagli Bibliografici
Autore principale: Malaurie, Philippe (autor)
Natura: Libro
Lingua:francese
Pubblicazione: Reims Matot-Braine 1953
Soggetti:
Tags: Aggiungi Tag
Nessun Tag, puoi essere il primo ad aggiungerne!!

MARC

LEADER 00000nam a2200000 a 4500
001 UCS1868
003 CL-VaPUC
008 970515e19530000FR |||||||||||||||||fre|d
082 0 4 |a 344.05  |b MAL  |2 21 
100 |a Malaurie, Philippe  |e autor  |9 588492 
245 1 2 |a L'ordre public et le contrat: etude de droit civil comparé France, Angleterre, U.R.S.S 
300 |a v 
942 |c BK 
945 |d 19970515 00:00:00  |a paguirre 
260 |a Reims  |b Matot-Braine  |c 1953 
650 0 |a Derecho público   |9 255910 
650 0 |a Orden público  |9 368427 
650 0 |a Derecho comparado  |9 255664 
650 0 |a Libertad individual  |9 352859 
650 0 |a Bien común   |9 346393 
651 0 |a Francia  |9 255157 
651 0 |a Inglaterra  |9 255158 
651 0 |a Unión Soviética  |9 256769 
583 |a last modification  |c 19970515 00:00:00  |k Rodrigo Vera 
999 |c 259900  |d 259898 
952 |0 0  |1 0  |4 0  |6 344_050000000000000_MAL_1953  |7 0  |8 A  |9 285411  |a BIBDER  |b BIBDER  |d 2019-11-19  |h v.1  |i 1845187  |o 344.05 MAL 1953  |p 1845187  |r 2023-01-25  |w 2019-11-19  |y BK  |k DER